Indemnizacin̤ por cese en el empleo pb︢lico crn̤icas y crt̕icas de su actualidad judicial /

Detalles Bibliográficos
Autor principal: Molina Navarrete, Cristb̤al
Formato: eBook
Lenguaje:español
Publicado: Albacete: Editorial Bomarzo, 2017
Materias:
Acceso en línea:Acceso restringido

MARC

LEADER 00000nam a22000007a 4500
005 20190326214522.0
007 cr|||| ||||
008 190326s2017 es |||||s|||| 00||0 spa d
020 |a 978-84-16608-93-5 
035 |a 23185 
040 |a vLex 
090 |c 8505  |d 8505 
100 1 |a Molina Navarrete, Cristb̤al 
245 1 0 |a Indemnizacin̤ por cese en el empleo pb︢lico  |h [Recurso electrn̤ico] :  |b crn̤icas y crt̕icas de su actualidad judicial /  |c Cristb̤al Molina Navarrete 
256 |a Servicio en ln̕ea 
260 |a Albacete:  |b Editorial Bomarzo,  |c 2017 
300 |a 1 recurso electrn̤ico 
500 |a El empleo temporal sigue en el ojo del huracǹ judicial. La sentencia "Diego Porras" estą conociendo desarrollos impensables. La cuestin̤ prejudicial que acaba de plantear el TS dar ̀una nueva oportunidad de clarificacin̤ al TJUE. Pero nuevas sentencias del TS alteran el coste de la extincin̤ del empleo pb︢lico temporal, provocando incertidumbre. El legislador, por su parte, no ha dejado de echar leą al fuego. Este libro expone las novedades judiciales y legales, ofreciendo pautas para su mejor comprensin̤ crt̕ica, a fin de orientar la prc̀tica entre tanto caos. 
506 1 |a Disponible solo en los productos indicados  |d vLex Global  |d vLex Global (Academic Edition, excluding Law Schools)  |d vLex Global (U.S. Academic Edition, Law Schools)  |d vLex Global (U.S. Academic Edition, excluding Law Schools)  |d vLex Global (Academic Edition, Law Schools) 
650 0 4 |a Convenios Colectivos  |z Espaą 
650 0 4 |a Funcin̤ Pb︢lica  |z Espaą 
740 0 |a vLex Libros (Servicio en ln̕ea) 
856 4 0 |u http://vlex.com/source/indemnizacion-por-cese-en-el-empleo-publico-cronicas-y-criticas-de-su-actualidad-judicial-23185  |z Acceso restringido 
942 |c BOOK 
999 0 |a Collective Agreements 
999 0 |a Public Function